| 000 | 00573nam a2200217Ia 4500 | ||
|---|---|---|---|
| 003 | OSt | ||
| 005 | 20260303101726.0 | ||
| 008 | 210210b1937 xxu||||| |||| 00| 0 eng d | ||
| 040 | _cAL | ||
| 041 | _aHindi | ||
| 082 | _a861/95 | ||
| 100 |
_aHIRANMAYA Ed _dहिरण्मय _9257371 |
||
| 245 |
_aNavin kavya kaumudi _bनवीन काव्य कौमुदी |
||
| 260 |
_aVardha _b- _c1937 |
||
| 650 |
_aNavIn _9257372 |
||
| 650 |
_akavya _9257373 |
||
| 650 |
_akaumudi _9257374 |
||
| 690 |
_aHindi Poetry _9257375 |
||
| 906 | _a023115 | ||
| 942 |
_2ddc _cBK |
||
| 999 |
_c148016 _d148016 |
||